000 00316nam a22001337a 4500
008 181218b xxu||||| |||| 00| 0 eng d
020 _a9780683045833
041 _aeng
080 _22nd
_a159.9
100 _a50
101 _aPSI
245 _aPocket Handbook of Clinical Psychaitry
_cKaplan,H,I
942 _2udc
_cBK
999 _c53370
_d53370